000 00253nam a2200097Ia 4500
001 691336
005 20250826161833.0
008 250824s9999 xx 000 0 und d
245 0 _aHAFAZANALLAH 2 (NASİHATNAME 2)
_cALEV ALATLI
260 _bTİMAŞ YAYINLARI
999 _c691336
_d691336